| 000 | 01363nam a2200397 c 4500 | ||
|---|---|---|---|
| 001 | 16304 | ||
| 003 | ES-MaCES | ||
| 005 | 20170213134049.0 | ||
| 008 | 040324s2003 sp d t o000 | spa d | ||
| 017 |
_aS 1662-2003 _bDL |
||
| 020 | _a8478006613 | ||
| 040 |
_aES-MaCES _bspa _cES-MaCES |
||
| 245 | 0 | 0 |
_aGlobalización económica y relaciones laborales _cWilfredo Sanguineti Raymond, Agustín García Laso (eds.) |
| 250 | _a1ª ed | ||
| 260 |
_aSalamanca _bEdiciones Universidad de Salamanca _c2003 |
||
| 300 |
_a239 p. _bgráf. bl. y n. _c24 cm |
||
| 490 | 1 |
_aAquilafuente _v59 |
|
| 504 | _aBibliografía | ||
| 541 | _cCompra | ||
| 650 | 4 |
_aglobalización económica _930653 |
|
| 650 | 4 |
_amercado de trabajo _928292 |
|
| 650 | 4 |
_aconsecuencias económicas _927082 |
|
| 650 | 4 |
_aconsecuencias sociales _927288 |
|
| 650 | 4 |
_aderechos de los trabajadores _929924 |
|
| 650 | 4 |
_anorma internacional del trabajo _930609 |
|
| 650 | 4 |
_aactitud sindical _929839 |
|
| 650 | 4 |
_anegociación colectiva _928362 |
|
| 650 | 4 |
_928369 _arelaciones laborales |
|
| 653 | 1 | 0 | _aRelaciones laborales-Empleo |
| 700 | 1 |
_aGarcía Laso, Agustín _eed. lit. _912939 |
|
| 710 | 2 |
_aUniversidad de Salamanca _eed. _95321 |
|
| 700 | 1 |
_923391 _aSanguineti Raymond, Wilfredo _eed. lit. |
|
| 830 | 0 |
_aAquilafuente _v59 _933977 |
|
| 902 | _aLIB Libro | ||
| 942 |
_2CES _cBK _h2.0. |
||
| 999 |
_c16304 _d16304 |
||